Direccion política de la reforma económica en Colombia / (Registro nro. 5621)
[ vista simple ]
| 000 -LEADER | |
|---|---|
| fixed length control field | 01492nam a2200301Ia 4500 |
| 003 - CONTROL NUMBER IDENTIFIER | |
| control field | OSt |
| 005 - DATE AND TIME OF LATEST TRANSACTION | |
| control field | 20200715161658.0 |
| 008 - FIXED-LENGTH DATA ELEMENTS--GENERAL INFORMATION | |
| fixed length control field | 191128t1994 ck fr 000 0dspa d |
| 020 ## - INTERNATIONAL STANDARD BOOK NUMBER | |
| International Standard Book Number | 9586015734 |
| 040 ## - CATALOGING SOURCE | |
| Original cataloging agency | CO-JMCR |
| Transcribing agency | CO-JMCR |
| 041 0# - LANGUAGE CODE | |
| Language code of text/sound track or separate title | spa |
| 082 04 - DEWEY DECIMAL CLASSIFICATION NUMBER | |
| Classification number | 338.9 / |
| Item number | C399d |
| Edition number | 23 |
| 100 1# - MAIN ENTRY--PERSONAL NAME | |
| Personal name | Cepeda Ulloa, Fernando, |
| Relator term | autor |
| 9 (RLIN) | 7327 |
| 245 10 - TITLE STATEMENT | |
| Title | Direccion política de la reforma económica en Colombia / |
| Statement of responsibility, etc. | Fernando Cepeda Ulloa ; colaboración de Diana Umaña |
| 250 ## - EDITION STATEMENT | |
| Edition statement | Primera edición |
| 260 ## - PUBLICATION, DISTRIBUTION, ETC. | |
| Place of publication, distribution, etc. | Bogotá : |
| Name of publisher, distributor, etc. | Fonade : DNP, |
| Date of publication, distribution, etc. | ©1994 |
| 300 ## - PHYSICAL DESCRIPTION | |
| Extent | xlii, 304 páginas ; |
| Dimensions | 23 cm. |
| 500 ## - GENERAL NOTE | |
| General note | Incluye datos biográficos del autor en solapa frontal. |
| 504 ## - BIBLIOGRAPHY, ETC. NOTE | |
| Bibliography, etc. note | Bibliografía: páginas 273-292 |
| 505 0# - FORMATTED CONTENTS NOTE | |
| Formatted contents note | El cambio del modelo -- La reforma económica de Barco -- El contexto de la apertura de Gaviria -- Bases de poder del presidente Gaviria y soportes al proceso de cambio -- El cambio institucional y algunos aspectos de su dimensión económica |
| 520 3# - SUMMARY, ETC. | |
| Summary, etc. | El caso colombiano ratifica las conclusiones de estudios que se han realizado bien sea sobre la dimensión política de las políticas de ajuste, o bien sobre las de reforma económica. Hay una conclusión contundente que dice así: no puede haber éxito. |
| 650 14 - SUBJECT ADDED ENTRY--TOPICAL TERM | |
| Topical term or geographic name entry element | Política de desarrollo |
| 9 (RLIN) | 6819 |
| 650 14 - SUBJECT ADDED ENTRY--TOPICAL TERM | |
| Topical term or geographic name entry element | Reforma económica |
| 9 (RLIN) | 7328 |
| 650 14 - SUBJECT ADDED ENTRY--TOPICAL TERM | |
| Topical term or geographic name entry element | Planificación del desarrollo |
| 9 (RLIN) | 4088 |
| 650 14 - SUBJECT ADDED ENTRY--TOPICAL TERM | |
| Topical term or geographic name entry element | Modelos económicos |
| 9 (RLIN) | 7329 |
| 700 1# - ADDED ENTRY--PERSONAL NAME | |
| Personal name | Umaña, Diana, |
| Relator term | colaboradora |
| 9 (RLIN) | 7330 |
| 942 ## - ADDED ENTRY ELEMENTS (KOHA) | |
| Source of classification or shelving scheme | Dewey Decimal Classification |
| Koha item type | Books |
| Withdrawn status | Lost status | Source of classification or shelving scheme | Damaged status | Not for loan | Collection code | Home library | Current library | Date acquired | Source of acquisition | Full call number | Barcode | Date last seen | Copy number | Koha item type |
|---|---|---|---|---|---|---|---|---|---|---|---|---|---|---|
| Dewey Decimal Classification | Non-fiction | Biblioteca Pública José María del Castillo y Rada | Biblioteca Pública José María del Castillo y Rada | 11/28/2019 | Donación | 338.9 / C399d | 430002657 | 05/16/2024 | Ej.1 | Books |